Statistics for Catfish and the Bottlemen 'The Balance' Lyrics

Click here to take the quiz!

General Stats

  • This quiz has been taken 103 times
  • The average score is 9 of 16

Answer Stats

HintAnswer% Correct
TextbookBasically
83%
So it's sound, and eventuallyOverlap
71%
I'd have probably second guessed everything that was said2all
66%
That's when we start considering the side door dartCoincide
66%
If you're a blessing in disguise, how did I realise?Fluctuate
65%
It's hysterical to think that it's almost a year to the dayIntermission
65%
We could go Sydney pretty much anyday nowMission
59%
That if we're gonna duck the traffic then we take the bridgeSidetrack
55%
How did you expect me to leave it?Conversation
49%
What's a boy to do?Overlap
48%
Tell me when you're worked upEncore
44%
Forgive me honeyLongshot
44%
Talk about a weight offMission
43%
It's like tryna talk to God and she's forgot your nameSidetrack
43%
Nothing's really changed between then and nowBasically
38%
Usually I'd go LakeviewIntermission
29%

Score Distribution

Percentile by Number Answered

Percent of People with Each Score

Your Score History

You have not taken this quiz